3001-紀州鉄道の駅 - Statistics

General Stats
  • This quiz has been taken 123 times
  • The average score is 4 of 5
Answer Stats
本線 % Correct
御坊
100%
西御坊
95%
学門
84%
紀伊御坊
78%
市役所前
72%
No matching quizzes found
Score Distribution
Percent of People with Each Score
Percentile by Number Answered
Your Score History
You have not taken this quiz